| 000 | 00975nmc a2200289 a 4500 | ||
|---|---|---|---|
| 003 | AR-BaBNM | ||
| 005 | 20251128204200.0 | ||
| 008 | 011101s1978 ||||||||||||||000 | spa|| | ||
| 020 | _a950-06-0806-5 | ||
| 040 | _cAR-BaBNM | ||
| 100 | 1 | _aGearheart, Bill R. | |
| 245 | 1 | 0 |
_aLa enseñanza en niños con trastornos de aprendizaje _bun abordaje que combina el proceso individual y las necesidades escolares |
| 260 |
_aBuenos Aires _bEditorial Médica Panamericana _c1978 |
||
| 300 | 0 |
_a311 p. _bgráfs., il. |
|
| 490 | 0 | _aEducación especial | |
| 500 | 0 | _aContiene apéndice | |
| 500 | 0 | _aTítulo original: Teaching the learning disabled | |
| 500 | 0 | _aTraducido por Julio Bernardo de Quirós | |
| 650 | 4 | _aEDUCACION ESPECIAL | |
| 650 | 4 | _aDIFICULTADES EN EL APRENDIZAJE | |
| 650 | 4 | _aPLANIFICACION DEL PROGRAMA | |
| 650 | 4 | _aDIAGNOSTICO EDUCACIONAL | |
| 650 | 4 | _aPROCESO DE APRENDIZAJE | |
| 650 | 4 | _aTRASTORNOS DEL APRENDIZAJE | |
| 942 | _cBK | ||
| 998 | _cGrace | ||
| 999 |
_c6501 _d6501 |
||